000 00526nam a2200181Ia 4500
001 20070
005 20260306172739.0
008 260306t2016||||xx |||||||||||||| ||spa||
041 _aESP
082 _a342.211
_bM41
100 _aMelgar Rimachi, Adriana
_eAUT
245 0 _aEl principio pro homine como clave hermenéutica de la interpretación de conformidad. El diálogo entre la corte IDH y los tribunales peruanos
260 _c2016
300 _a
_c
650 _aGEN
654 _aCDE
942 _cLIB
_dJUS
_fJUS
_2ddc
_n
999 _c20070
_d20070